Alle Gemeinden von Vorarlberg auf einer Karte - Statistiken

Allgemein
  • Dieses Quiz wurde 4.649 mal gespielt
  • Das Durchschnittsergebnis liegt bei 62 aus 96
Antworten auf der Karte
Die Antworten werden auf der Karte rot bzw. grün angezeigt, abhängig davon wie oft sie richtig erraten wurden.
 
Antwortstatistiken
Bezirk Gemeinde % Korrekt
Bregenz Bregenz
95%
Dornbirn Dornbirn
95%
Feldkirch Feldkirch
93%
Bludenz Bludenz
92%
Dornbirn Hohenems
86%
Dornbirn Lustenau
85%
Bregenz Hard
81%
Bludenz Lech
79%
Feldkirch Rankweil
78%
Feldkirch Götzis
77%
Feldkirch Altach
76%
Bregenz Mellau
75%
Bregenz Au
74%
Bludenz Schruns
74%
Bregenz Egg
73%
Bregenz Lochau
73%
Bludenz Nenzing
73%
Bregenz Bezau
72%
Feldkirch Frastanz
72%
Bregenz Höchst
72%
Bregenz Lauterach
72%
Bregenz Alberschwende
71%
Bregenz Schoppernau
71%
Bregenz Hörbranz
70%
Bregenz Langen bei Bregenz
70%
Feldkirch Sulz
70%
Bregenz Wolfurt
70%
Bregenz Bizau
69%
Bludenz St. Anton im Montafon
69%
Bludenz Bludesch
68%
Bludenz Bürs
68%
Bregenz Damüls
68%
Bregenz Fußach
68%
Bregenz Warth
68%
Feldkirch Klaus
67%
Bludenz Sonntag
67%
Bludenz Nüziders
66%
Feldkirch Röthis
66%
Bludenz Tschagguns
66%
Bregenz Hittisau
65%
Bludenz Ludesch
65%
Bludenz Thüringen
65%
Bludenz Brand
64%
Bregenz Gaißau
64%
Feldkirch Mäder
64%
Bludenz St. Gallenkirch
64%
Bregenz Andelsbuch
63%
Bregenz Schwarzach
63%
Bludenz Dalaas
62%
Feldkirch Göfis
62%
Feldkirch Koblach
62%
Feldkirch Laterns
62%
Bludenz Gaschurn
61%
Bregenz Hohenweiler
61%
Feldkirch Satteins
61%
Bregenz Schröcken
61%
Bregenz Schwarzenberg
61%
Bludenz Vandans
61%
Feldkirch Zwischenwasser
61%
Bludenz Klösterle
60%
Feldkirch Meiningen
60%
Bludenz Thüringerberg
60%
Bludenz Bürserberg
59%
Bregenz Lingenau
59%
Bregenz Mittelberg
59%
Feldkirch Weiler
59%
Bregenz Kennelbach
58%
Bregenz Möggers
58%
Bludenz Bartholomäberg
57%
Bludenz Blons
57%
Bregenz Buch
57%
Feldkirch Düns
57%
Feldkirch Schlins
57%
Feldkirch Schnifis
57%
Bludenz Silbertal
57%
Bregenz Bildstein
56%
Feldkirch Dünserberg
56%
Bregenz Doren
55%
Bludenz Fontanella
55%
Feldkirch Röns
55%
Bregenz Sulzberg
55%
Bregenz Eichenberg
54%
Feldkirch Fraxern
54%
Bludenz Innerbraz
54%
Bregenz Langenegg
54%
Bludenz Lorüns
54%
Bregenz Sibratsgfäll
54%
Bludenz Raggal
53%
Bregenz Schnepfau
53%
Bludenz St. Gerold
53%
Feldkirch Übersaxen
53%
Feldkirch Viktorsberg
53%
Bregenz Krumbach
52%
Bregenz Reuthe
51%
Bregenz Riefensberg
50%
Bludenz Stallehr
48%
Keine übereinstimmenden Quizze gefunden
Verteilung der Resultate
Anzahl Personen mit jedem Resultat
Perzentil nach korrekt beantworteten Fragen
Ihre Resultats-Entwicklung
Sie haben dieses Quiz noch nicht gespielt